Un libro más para el catálogo de los escritores catalanes / (Registro nro. 157712)

Detalles MARC
000 -LEADER
campo de control de longitud fija 00954nam a2200217 i 4500
001 - NÚMERO DE CONTROL
campo de control 157712
003 - IDENTIFICADOR DE NÚMERO DE CONTROL
campo de control ES-MaACL
005 - FECHA Y HORA DE LA ÚLTIMA TRANSACCIÓN
campo de control 20250716063315.0
008 - DATOS DE LONGITUD FIJA--INFORMACIÓN GENERAL
campo de control de longitud fija 990324s1880 sp |||| | spa d
040 ## - FUENTE DE CATALOGACIÓN
Centro catalogador/agencia de origen CCPB | B
Lengua de catalogación spa
Centro/agencia transcriptor CCPB | B
100 1# - ENTRADA PRINCIPAL--NOMBRE DE PERSONA
Nombre de persona Luanco, José Ramón de,
Fechas asociadas al nombre 1825-1905
9 (RLIN) 74486
245 13 - MENCIÓN DEL TÍTULO
Título Un libro más para el catálogo de los escritores catalanes /
Mención de responsabilidad, etc. [por José Ramón de Luanco].
260 ## - PUBLICACIÓN, DISTRIBUCIÓN, ETC.
Lugar de publicación, distribución, etc. Barcelona :
Nombre del editor, distribuidor, etc. [s.n.],
Fecha de publicación, distribución, etc. 1880 (
Fabricante Imprenta de Jaime Jepús)
300 ## - DESCRIPCIÓN FÍSICA
Extensión 25 p. ;
Dimensiones 25 cm.
500 ## - NOTA GENERAL
Nota general Separata de: Memorias de la Real Academia de Buenas Letras de Barcelona, Tomo III.
594 ## - Nota al título y mención de responsabilidad
Nota al título y mención de responsabilidad En pag.21 consta como autor del texto José Ramón de Luanco.
600 14 - PUNTO DE ACCESO ADICIONAL DE MATERIA--NOMBRE DE PERSONA
Nombre de persona Estrucio, Bernardo.
9 (RLIN) 150812
650 #4 - PUNTO DE ACCESO ADICIONAL DE MATERIA--TÉRMINO DE MATERIA
Término de materia o nombre geográfico como elemento de entrada Alquimia.
9 (RLIN) 9742
852 ## - LOCALIZACIÓN
Ubicación ES-MaACL
Número de control de estantería T-452-F-8
Nota libre -- Enc. hol.
-- -- Dedicatoria ms. del autor al Ateneo de Madrid
condición física -- Falto de la cub. original
Nota libre -- Enc. en un vol. facticio
Existencias
Estatus retirado Estado de pérdida Estado de daño No para préstamo Colección Biblioteca de origen Biblioteca actual Ubicación en estantería Fecha de adquisición Total de préstamos Signatura topográfica completa Código de barras Visto por última vez Precio de reemplazo Tipo de ítem Koha
        Colección de folletos Biblioteca del Ateneo de Madrid Biblioteca del Ateneo de Madrid Depósito folletos 17/01/2008   T-452-F-8 1165043 23/02/2023 23/02/2023 Folleto